Viento del este, viento del oeste / (Registro nro. 9310)

Detalles MARC
000 -LIDER
fixed length control field 00672nam a22002417a 4500
001 - NÚMERO DE CONTROL
Identificador de número de control 00108
003 - IDENTIFICACDOR DE NÚMERO DE CONTROL
control field DO-SdBNP
005 - DATE AND TIME OF LATEST TRANSACTION
control field 20180207092930.0
007 - CAMPOS FIJOS DE DESCRIPCIÓN FÍSICA
fixed length control field 00108
008 - ELEMENTOS DE LONGITUD FIJA
fixed length control field 160318b sp 19uu ||||| |||| 00| 0 spa d
040 ## - FUENTE DE CATALOGACIÓN
Agencia que crea de manera original el registro BPMSU
Idioma de catalogación spa
Agencia que realiza la transcripción BPMSU
092 ## - LOCALLY ASSIGNED DEWEY DECIMAL CALL NUMBER
Número de clasificación xxxxxxxx
Número de ítem (Cutter) xxxxxxxx
100 10 - ASIENTO PRINCIPAL -- NOMBRE PERSONAL
Nombre personal Buck, Pearl S.
245 10 - MENCIÓN DE TITULO
Título Viento del este, viento del oeste /
Mención de responsabilidad Pearl S. Buck ; traducción L. Gosse
260 ## - PUBLICACIÓN, DISTRIBUCIÓN, ETC. (PIE DE IMPRENTA)
Lugar de publicación, distribución, etc Barcelona :
Nombre del editor, distribuidor, etc. Plaza & Janés,
Fecha de publicación, distribución, etc 19--?.
300 ## - DESCRIPCIÓN FÍSICA
Extensión 190 p. :
Dimensiones 20 cm.
490 00 - MENCIÓN DE SERIES
Mención de serie Circulo de lectores
700 10 - ASIENTO SECUNDARIO -- NOMBRE PERSONAL
Nombre personal Gosse, L.,
Mención de responsabilidad tr.
830 10 - ASIENTO SECUNDARIO DE SERIE--TÍTULO UNIFORME
Título uniforme Circulo de lectores
942 ## - ADDED ENTRY ELEMENTS (KOHA)
Source of classification or shelving scheme Dewey Decimal Classification
Koha item type Libros
945 ## - INFORMACIÓN DE PROCESAMIENTO LOCAL
Información de procesamiento local inventariado, 2018 / dg
956 ## - LOCAL ELECTRONIC LOCATION AND ACCESS (OCLC)
Nombre de host Brenda Tavárez
Existencias
Withdrawn status Lost status Source of classification or shelving scheme Damaged status Not for loan Home library Current library Date acquired Source of acquisition Total Checkouts Barcode Date last seen Price effective from Koha item type
    Dewey Decimal Classification     Biblioteca Pública Metropolitana Salomé Ureña Biblioteca Pública Metropolitana Salomé Ureña 03/18/2016 Donación   BPMSU16030190 03/18/2016 03/18/2016 Libros